UBT Library

MANAGEMENT PRINCIPLES AND APPLICATIONS (Record no. 59880)

000 -LEADER
fixed length control field 00347nam a22001457a 4500
008 - FIXED-LENGTH DATA ELEMENTS--GENERAL INFORMATION
fixed length control field 230531b ||||| |||| 00| 0 eng d
020 ## - INTERNATIONAL STANDARD BOOK NUMBER
International Standard Book Number 9781942041689
041 ## - LANGUAGE CODE
Language code of text/sound track or separate title eng
080 ## - UNIVERSAL DECIMAL CLASSIFICATION NUMBER
Edition identifier FOURTH EDITION
Universal Decimal Classification number 338
082 ## - DEWEY DECIMAL CLASSIFICATION NUMBER
Classification number 338BIE
100 ## - Rafti
Rafti 23
101 ## - Shkurtesa
Shkurtesa MBE
245 ## - TITLE STATEMENT
Title MANAGEMENT PRINCIPLES AND APPLICATIONS
Statement of responsibility, etc BIERMAN.L
942 ## - ADDED ENTRY ELEMENTS (KOHA)
Source of classification or shelving scheme
Item type Books
Holdings
Withdrawn status Lost status Source of classification or shelving scheme Damaged status Not for loan Collection code Permanent location Current location Date acquired Total Checkouts Full call number Barcode Date last seen Price effective from Koha item type
          Koleksioni i përgjithshem UBT - Lipjan UBT - Lipjan 05/31/2023   338BIE 002-800080446 05/31/2023 05/31/2023 Books
UBT Library © 2015-2024. All rights reserved University Education for Business and Technology